Problemas de salud mental del envejecimiento y de la vejez

Gardado en:
Detalles Bibliográficos
Autor Corporativo: OMS (Author)
Formato: Libro
Idioma:Lingua castelá
Publicado: Buenos Aires Hvmanitas 1983
Edición:3a. ed
Series:Cuadernos de Servicio Social, 10
Subjects:
Tags: Engadir etiqueta
Sen Etiquetas, Sexa o primeiro en etiquetar este rexistro!

MARC

LEADER 00000nam a2200000 a 4500
001 UCZ7367
003 CL-VaPUC
008 951228e19830000AG |||||||||||||||||spa|d
082 0 4 |a 618.97  |b OMS  |2 21 
110 2 |a OMS  |e author  |9 352206 
245 1 0 |a Problemas de salud mental del envejecimiento y de la vejez 
250 |a 3a. ed 
300 |a 60 p 
942 |c BK 
945 |d 19951228 00:00:00  |a lriquelm 
260 |a Buenos Aires  |b Hvmanitas  |c 1983 
650 0 |a Ancianos   |9 307293 
650 0 |a Salud  |9 258663 
650 0 |a Geriatría   |9 309798 
650 0 |a Vejez   |9 307287 
650 7 |a MINUSVALIDOS  |2 CL-VaPUC  |9 310184 
650 0 |a Salud mental  |9 308393 
583 |a last modification  |c 19951228 00:00:00  |k Rodrigo Vera 
490 0 |a Cuadernos de Servicio Social, 10 
999 |c 243457  |d 243455 
952 |0 0  |1 0  |4 0  |6 618_970000000000000_OMS_1983  |7 0  |8 P  |9 257088  |a BIBEDU  |b BIBEDU  |c BIBEDU_PB  |d 2019-11-19  |i 1610643  |o 618.97 OMS 1983  |p 1610643  |r 2024-01-25  |w 2019-11-19  |y BK  |k EDU 
952 |0 0  |1 0  |4 0  |6 618_970000000000000_OMS_1983  |7 0  |8 A  |9 257089  |a BIBGIM  |b BIBGIM  |d 2019-11-19  |i 1402307  |o 618.97 OMS 1983  |p 1402307  |r 2025-01-15  |w 2019-11-19  |y BK  |k SSL